| 000 | 00845nac a22002531u 4500 | ||
|---|---|---|---|
| 003 | EG-ScBUE | ||
| 005 | 20221020110527.0 | ||
| 008 | 100210s2009 nyua f 001 0 eng d | ||
| 020 | _a9781856695497 | ||
| 040 |
_aEG-ScBUE _beng _erda _cEG-ScBUE _dEG-ScBUE |
||
| 082 | 0 | 4 |
_a720.9 _bFAZ _222 |
| 100 | 1 |
_aFazio, Michael W., _eauthor. _911240 |
|
| 245 | 1 | 2 |
_aA world history of architecture / _cMichael Fazio, Marian Moffett, Lawrence Wodehouse. |
| 250 | _aSecond edition. | ||
| 264 | 1 |
_aNew York, NY : _bMcGraw-Hill, _c2009. |
|
| 300 |
_a592 pages : _bcolor illustrations ; _c28 cm |
||
| 500 | _aIncludes index. | ||
| 650 | 7 |
_aArchitecture _xHistory. _2BUEsh _911241 |
|
| 653 | _bENGARC | ||
| 655 | _vReading book | ||
| 700 | 1 |
_aMoffett, Marian, _eauthor. _911242 |
|
| 700 | 1 |
_aWodehouse, Lawrence, _eauthor. _911243 |
|
| 942 |
_cNB _2ddc |
||
| 999 |
_c13352 _d13352 |
||